00505nam a2200145 i 450000100060000000300090000600500170001500700030003200800410003510000290007624501640010526000440026930000200031385200260033337030ES-MaACL20230906155505.0t|030220s1902 fr ||||1| fre d1 aBrunetière, Ferdinand.10aVictor Hugo b: leçons faites a l'Ecole normale supérieure par les élèves de deuxième anne (Lettres) / csous la direction de Ferdinand Brunetière. a[Coulommiers] : bPaul Brodard, c1902. a2 v. ; c19 cm. aES-MaACLjF-8411-8412